[Event "Kiev-ch"]
[Site "Kiev"]
[Date "1998.??.??"]
[Round "6"]
[White "Semenova, Lidia K"]
[Black "Vinitsky, Igor"]
[Result "1-0"]
[WhiteElo "2305"]
[BlackElo "2245"]

1.d4 d6 2.e4 Nf6 3.Nc3 c6 4.Be2 Qa5 5.Bd2 Qc7 6.f4 e5 7.fxe5 dxe5 8.dxe5 Qxe5
9.Nf3 Qc5 10.Na4 Qe7 11.e5 Ne4 12.Nc3 Nxd2 13.Qxd2 Bf5 14.O-O-O Nd7 15.Qf4 Be6
16.Ne4 Qb4 17.Rd4 Qa5 18.Ra4 Qb6 19.Nd6+ Bxd6 20.exd6 O-O-O 21.Rd1 Rhe8 22.Nd4 Nc5
23.Ra3 g5 24.Qxg5 Rxd6 25.Nxe6 Rxd1+ 26.Bxd1 Nxe6 27.Qa5 Qg1 28.Qxa7 Qxh2
29.Qa8+ Qb8 30.Qxb8+ Kxb8 31.Re3 Rg8 32.g4 Kc7 33.a4 Kd6 34.b4 Rg6 35.a5 Rf6
36.Rh3 h6 37.Kd2 Nf4 38.Rb3 Nd5 39.c4 Nf4 40.b5  1-0

[Event "Independence Cup op"]
[Site "Kiev"]
[Date "1998.??.??"]
[Round "6"]
[White "Maliszewski, K."]
[Black "Vinitsky, Igor"]
[Result "1/2-1/2"]
[WhiteElo "2350"]
[BlackElo "2245"]

1.e4 d6 2.d4 Nf6 3.Nc3 c6 4.Bg5 Nbd7 5.Nf3 e5 6.Bc4 b5 7.Bxf7+ Kxf7 8.dxe5 dxe5
9.Nxe5+ Kg8 10.Bxf6 Qe8 11.Nxd7 Bxd7 12.Bh4 h6 13.Qe2 g5 14.Bg3 b4 15.Nd1 c5
16.c4 Bg7 17.h4 gxh4 18.Rxh4 Qg6 19.Qh5 Kh7 20.Qxg6+ Kxg6 21.e5 h5 22.Ne3 Rae8
23.Rd1 Be6 24.b3 Bh6 25.f4 Bf8 26.Bf2 Rh7 27.Ke2 Be7 28.Rhh1 a5 29.g4 Bxg4+
30.Nxg4 hxg4 31.f5+ Kg7 32.Rxh7+ Kxh7 33.Rh1+ Kg7 34.Rg1 Bg5 35.e6 Kf6 36.Rxg4 Kxf5
37.Kf3 Be7 38.Re4 a4 39.Bg3 axb3 40.axb3 Rg8 41.Re5+ Kf6 42.Re1 Kf5 43.Bf4 Rd8
44.Re5+ Kf6 45.Rd5 Rg8 46.Be3 Rh8 47.Ke4 Rh4+ 48.Bf4 Kxe6 49.Re5+ Kd7 50.Rd5+ Ke6  1/2-1/2

[Event "Independence Cup op"]
[Site "Kiev"]
[Date "1998.??.??"]
[Round "7"]
[White "Karnaukh, Anatolij"]
[Black "Vinitsky, Igor"]
[Result "1-0"]
[WhiteElo "2275"]
[BlackElo "2245"]

1.e4 d6 2.d4 Nf6 3.Nc3 c6 4.a4 Qa5 5.Bd3 e5 6.Bd2 Qc7 7.Nge2 g6 8.dxe5 dxe5
9.O-O Bg7 10.Bc4 O-O 11.Qc1 Nbd7 12.b4 a5 13.bxa5 Nc5 14.f3 Rxa5 15.Qb2 Ra8
16.Be3 Nfd7 17.Rfb1 Re8 18.Nc1 Ne6 19.Bxe6 Rxe6 20.Nd3 Bf8 21.Qb3 Re8 22.Nd1 Qa5
23.N1b2 Nc5 24.Nxc5 Bxc5 25.Nc4 Qa7 26.Nb6 Be6 27.Qc3 Bxe3+ 28.Qxe3 Rad8
29.Rd1 Qa5 30.Rab1 Kg7 31.h4 h6 32.Kf2 Rxd1 33.Rxd1 Qb4 34.Rd2 Qe7 35.g3 Qb4
36.Kg2 c5 37.Nd5 Qxa4 38.Nc7 Re7 39.Qxc5 Kf6 40.g4 Bxg4 41.Nd5+  1-0

[Event "Independence Cup op"]
[Site "Kiev"]
[Date "1998.??.??"]
[Round "8"]
[White "Kosikov, Alexey I"]
[Black "Ianovsky, Alexander"]
[Result "1-0"]
[WhiteElo "2445"]
[BlackElo "2275"]

1.e4 d6 2.d4 Nf6 3.Nc3 e5 4.Nf3 Nbd7 5.Bc4 Be7 6.O-O O-O 7.h3 c6 8.a4 h6
9.Re1 a5 10.Be3 Re8 11.Qb1 exd4 12.Bxd4 Nf8 13.Qa2 Be6 14.Rad1 Qc7 15.e5 Bxc4
16.Qxc4 d5 17.Qd3 N6d7 18.Ne2 Ne6 19.Qf5 Bf8 20.Bc3 g6 21.Qg4 Bg7 22.Nc1 Nec5
23.b3 Nxe5 24.Nxe5 Bxe5 25.Rxe5 Rxe5 26.Qd4 Nd7 27.Nd3 f6 28.Nxe5 Qxe5 29.Qd2 Qg5
30.Bxa5 Qxd2 31.Bxd2 g5 32.Be3 Kf7 33.c4 Ke6 34.cxd5+ cxd5 35.Rc1 Kd6 36.Bd2 Ne5
37.Bb4+ Kd7 38.Rc5 Ke6 39.Rc7 Rb8 40.Re7+ Kf5 41.g4+ Ke4 42.Re6 Rc8 43.Rxf6 d4
44.Rxh6 Nf3+ 45.Kg2 Nh4+ 46.Kg3 Rc1 47.Re6+ Kd3 48.Be1 Rc2 49.Re5 Re2 50.Rxg5 Rxe1
51.Kxh4 Kc3 52.Rc5+ Kxb3 53.Rb5+  1-0

[Event "Kiev-ch"]
[Site "Kiev"]
[Date "1998.??.??"]
[Round "8"]
[White "Tkachov, Andrey"]
[Black "Vinitsky, Igor"]
[Result "1-0"]
[WhiteElo "2235"]
[BlackElo "2245"]

1.e4 d6 2.d4 Nf6 3.Nc3 c6 4.Nf3 Bg4 5.h3 Bh5 6.Be2 e6 7.Bg5 Be7 8.O-O Bxf3
9.Bxf3 d5 10.e5 Nfd7 11.Bxe7 Qxe7 12.Bh5 b5 13.f4 g6 14.Bf3 a6 15.Ne2 c5
16.c3 Nc6 17.g4 h5 18.gxh5 gxh5 19.Kh2 f5 20.Rg1 O-O-O 21.a4 b4 22.dxc5 Qxc5
23.Nd4 Nxd4 24.cxd4 Qa5 25.Rc1+ Kb8 26.Rc6 Nb6 27.b3 Na8 28.Rxe6 Rhg8 29.Rc6 Rxg1
30.Qxg1 Nc7 31.Qg6 Kb7 32.Bxh5 Rd7 33.Be2 Rg7 34.Qd6 Ne8 35.Bxa6+ Ka7 36.Qf8 Qd8
37.Qc5+  1-0

[Event "Independence Cup op"]
[Site "Kiev"]
[Date "1998.??.??"]
[Round "9"]
[White "Bondarchuk, Sergei"]
[Black "Vinitsky, Igor"]
[Result "1-0"]
[WhiteElo "2270"]
[BlackElo "2245"]

1.e4 d6 2.d4 Nf6 3.Nc3 c6 4.f4 Qa5 5.Bd2 e5 6.dxe5 dxe5 7.f5 Qc7 8.Qf3 Nbd7
9.g4 h6 10.h4 b5 11.g5 Ng8 12.a4 b4 13.Nd1 Bb7 14.Bc4 Nb6 15.Bb3 a5 16.Ne3 O-O-O
17.O-O-O f6 18.Ne2 Kb8 19.Ng3 Ne7 20.gxf6 gxf6 21.Nh5 c5 22.Nc4 Rd4 23.Nxb6 Bxe4
24.Qe2 Qxb6 25.Be3 Bxh1 26.Bxd4 Qc6 27.Bxe5+ Ka7 28.Rd6 Qb7 29.Nxf6 Bc6 30.Qf2 Nc8
31.Qxc5+ Qb6 32.Qxb6+ Kxb6 33.Nd5+  1-0

[Event "Klatovy op-B"]
[Site "Klatovy"]
[Date "1998.??.??"]
[Round "?"]
[White "Dolezal, Radoslav Jr"]
[Black "Brazda, A."]
[Result "1/2-1/2"]
[WhiteElo "2290"]
[BlackElo "1845"]

1.e4 d6 2.d4 Nf6 3.Nc3 c6 4.Nf3 g6 5.Be3 Bg7 6.Be2 O-O 7.Qd2 Ng4 8.a3 Nxe3
9.Qxe3 Nd7 10.g4 Qb6 11.O-O-O a5 12.h4 e5 13.d5 Qxe3+ 14.fxe3 Nf6 15.g5 Ng4
16.Rhg1 c5 17.Nd2 h5 18.Nc4 Rd8 19.Nb6 Rb8  1/2-1/2

[Event "Klatovy op-B"]
[Site "Klatovy"]
[Date "1998.??.??"]
[Round "?"]
[White "Vohnout, P."]
[Black "Boucek, Vlastimil"]
[Result "0-1"]
[WhiteElo "1745"]
[BlackElo "1785"]

1.e4 d6 2.d4 Nf6 3.Nc3 c6 4.Bc4 Bg4 5.f3 Bh5 6.g4 Bg6 7.g5 Nfd7 8.f4 e6 9.Qe2 Be7
10.Qf3 Nb6 11.Bd3 d5 12.Be3 Bb4 13.Ne2 dxe4 14.Bxe4 Nc4 15.O-O Nxe3 16.Qxe3 Bxe4
17.Qxe4 O-O 18.Rf3 Qd7 19.a3 Be7 20.Rh3 g6 21.Qe3 f6 22.Ne4 fxg5 23.Nxg5 Bxg5
24.fxg5 Qf7 25.Ng3 Nd7 26.Ne4 Qe7 27.Re1 Rae8 28.c4 Rf5 29.b4 e5 30.d5 cxd5
31.cxd5 b6 32.Qb3 Qf8 33.Qa4 Re7 34.Rc3 Ref7 35.Kg2 Rf4 36.Kg3 h5 37.gxh6 Qxh6
38.Rc8+ Kg7 39.Qd1 Qh4+ 40.Kg2 Rf2+ 41.Nxf2 Rxf2+  0-1

[Event "RUS-ch U18"]
[Site "Kolontaevo"]
[Date "1998.??.??"]
[Round "?"]
[White "Kokorev, Dmitry"]
[Black "Erenburg, Sergey"]
[Result "1-0"]
[WhiteElo "2280"]
[BlackElo "2285"]

1.e4 d6 2.d4 Nf6 3.Nc3 Nbd7 4.g3 e5 5.Nge2 g6 6.Bg2 Bg7 7.h3 O-O 8.Be3 Re8
9.O-O c6 10.a4 Qc7 11.g4 exd4 12.Bxd4 Nf8 13.Qd2 Rd8 14.g5 Nh5 15.Bxg7 Kxg7
16.Rad1 Be6 17.f4 f5 18.Bf3 fxe4 19.Bxh5 Bxh3 20.Rf2 gxh5 21.Nxe4  1-0

[Event "RUS-ch U18"]
[Site "Kolontaevo"]
[Date "1998.??.??"]
[Round "?"]
[White "Rozkov, Nikolai"]
[Black "Erenburg, Sergey"]
[Result "0-1"]
[WhiteElo "2325"]
[BlackElo "2285"]

1.e4 d6 2.d4 Nf6 3.Nc3 Nbd7 4.Nf3 e5 5.Bc4 Be7 6.O-O O-O 7.h3 c6 8.a4 h6
9.Qe2 Re8 10.dxe5 dxe5 11.Rd1 Qc7 12.Nh4 Nf8 13.Nf5 Be6 14.Bxe6 Nxe6 15.Rd3 Rad8
16.Rg3 Kh7 17.Qf3 Bf8 18.Ne2 Ng8 19.h4 g6 20.Ne3 h5 21.b3 Nh6 22.Bb2 Bg7
23.Nc4 Ng4 24.Rh3 Bf8 25.Rf1 Bc5 26.Qc3 Nxf2 27.Rxf2 Rd1+ 28.Kh2 Bxf2 29.Qf3 Bd4
30.Nxd4 exd4+ 31.e5 Re1 32.Qf2 Rxe5 33.Nxe5 Qxe5+ 34.Kh1 Kg8 35.Rf3 Re7 36.Bc1 Nc5
37.Bg5 Ne4 38.Qg1 Nxg5 39.hxg5 c5 40.Qc1 Qe1+ 41.Qxe1 Rxe1+ 42.Kh2 Re5 43.Rg3 Kg7
44.c3 dxc3  0-1

[Event "RUS-ch U18 Girls"]
[Site "Kolontaevo"]
[Date "1998.??.??"]
[Round "?"]
[White "Kosintseva, Tatiana"]
[Black "Ovod, Evgenija"]
[Result "0-1"]
[WhiteElo "2115"]
[BlackElo "2375"]

1.e4 d6 2.d4 Nf6 3.Nc3 c6 4.Be3 Nbd7 5.Qd2 e5 6.Nf3 Be7 7.h3 O-O 8.g3 b5
9.a3 Bb7 10.Bg2 a5 11.Nh4 exd4 12.Bxd4 b4 13.Nd1 c5 14.Bxf6 Nxf6 15.e5 Ne4
16.Qe2 Bxh4 17.Bxe4 Bxe4 18.Qxe4 Bf6 19.O-O Bxe5 20.a4 Qd7 21.Kg2 Rae8 22.Qd5 Re6
23.c4 Bd4 24.Rc1 Qxa4 25.Qf3 Rf6 26.Qd3 Qc6+ 27.f3 Re8 28.Rc2 a4 29.Re2 Rxe2+
30.Qxe2 Re6 31.Qd3 Qe8 32.h4 Re2+ 33.Kh3 Qe6+ 34.g4 h5  0-1

[Event "Russia-chB (Women)"]
[Site "Kolontaevo"]
[Date "1998.??.??"]
[Round "?"]
[White "Loktionova, Natalia"]
[Black "Kosteniuk, Alexandra"]
[Result "1/2-1/2"]
[WhiteElo "2250"]
[BlackElo "2260"]

1.e4 d6 2.d4 Nf6 3.Nc3 c6 4.Nf3 Bg4 5.Be2 e6 6.O-O Be7 7.e5 Nfd7 8.exd6 Bxd6
9.Re1 O-O 10.Ne4 Be7 11.Ng3 Bd6 12.Ne5 Bxe2 13.Qxe2 Nf6 14.Bg5 h6 15.Bxf6 Qxf6
16.Qg4 Be7 17.f4 Qh4 18.Qf3 Rd8 19.c3 g6 20.Ne4 Nd7 21.Rad1 Nf6 22.Nf2 Nd5
23.g3 Qf6 24.Ne4 Qg7 25.Kh1 Nf6 26.g4 Nxe4 27.Qxe4 Qf6 28.Rg1 Bd6 29.Rdf1 Bxe5
30.fxe5 Qh4 31.Rf3 Rd7 32.Qe3 Qg5 33.Qf2 h5 34.h4 Qh6 35.gxh5 Qxh5 36.Rg5 Qh6
37.Qg3 Kg7 38.Kg2 Rh8 39.Rf4 c5 40.Qf2 cxd4 41.cxd4 Rf8 42.Kg3 a6 43.a3 b5
44.Qd2 f6 45.exf6+ Rxf6 46.Rxf6 Kxf6 47.Qf4+ Ke7 48.Qe5 Rd6 49.Qc5 Qg7 50.Rg4 Qh6
51.Qc7+ Rd7 52.Qc5+ Rd6 53.Rf4 Qh5 54.Qc7+ Rd7 55.Qc8  1/2-1/2

[Event "RUS-ch U18 Girls"]
[Site "Kolontaevo"]
[Date "1998.??.??"]
[Round "?"]
[White "Sudakova, Irina"]
[Black "Mirzoeva, Elvira"]
[Result "1-0"]
[WhiteElo "2180"]
[BlackElo "2110"]

1.d4 Nf6 2.Nc3 d6 3.e4 Nbd7 4.f4 e5 5.Nf3 exd4 6.Qxd4 Nc5 7.Bc4 Be6 8.O-O Be7
9.Ng5 Bxc4 10.Qxc4 O-O 11.Be3 h6 12.Bxc5 hxg5 13.Be3 Ng4 14.Bd2 gxf4 15.Rxf4 Ne5
16.Qe2 c6 17.Be3 Bg5 18.Rf5 Bxe3+ 19.Qxe3 Qb6 20.Qxb6 axb6 21.Rd1 Nc4 22.Rd4 b5
23.b3 Nb6 24.Rxd6 b4 25.Nd1 Rxa2 26.Ne3 g6 27.Re5 Raa8 28.Rd4 f6 29.Re7 c5
30.Rd2 Rab8 31.Ng4 f5 32.exf5 gxf5 33.Nh6+ Kh8 34.Re6 Na8 35.Rd7 Rbe8 36.Nf7+ Kg8
37.Rg6+ Kh7 38.Ne5+ Kh8 39.Rgg7 Rf6 40.Rh7+ Kg8 41.Rdg7+  1-0

[Event "Russia-chB (Women)"]
[Site "Kolontaevo"]
[Date "1998.??.??"]
[Round "?"]
[White "Ubiennykh, Ekaterina"]
[Black "Timurova, Lilia"]
[Result "1/2-1/2"]
[WhiteElo "2285"]
[BlackElo "2015"]

1.e4 d6 2.d4 Nf6 3.Nc3 e5 4.dxe5 dxe5 5.Qxd8+ Kxd8 6.Bg5 Be6 7.Nf3 Nd7 8.O-O-O Kc8
9.Nd2 Ng4 10.Bh4 Bc5 11.f3 Ne3 12.Re1 Nxf1 13.Rhxf1 a6 14.a3 b5 15.Bf2 Be7
16.Be3 c6 17.f4 f6 18.a4 Bb4 19.f5 Bf7 20.Ndb1 Kc7 21.g4 Bc5 22.Rg1 g5 23.fxg6 Bxe3+
24.Rxe3 hxg6 25.h3 g5 26.Nd1 Kd6 27.Rd3+ Ke7 28.Rc3 Rac8 29.Ne3 Bg6 30.Nf5+ Bxf5
31.gxf5 b4 32.Re3 Nc5 33.b3 Rh4 34.Nd2 Rch8 35.Rgg3 Rf4 36.Rg2 Rhh4 37.Rge2 Nb7
38.Kb2 Nd6 39.Kc1 g4 40.hxg4 Rfxg4 41.Kb2 Kf7 42.c3 c5 43.Kc2 Rg8 44.Nc4 Nxc4
45.bxc4 Rb8 46.Rd3 bxc3 47.Kxc3 Rb4 48.Rd7+ Ke8 49.Red2 Rh3+ 50.R2d3 Rxd3+
51.Rxd3 Rxa4 52.Rd5 Ra3+ 53.Kd2 Ra2+ 54.Kc3 Ra3+ 55.Kd2 Ra5 56.Ke3 Ra3+ 57.Ke2 Ra2+
58.Kf3 a5 59.Rxc5 a4 60.Ra5 a3 61.Ra7 Ra1 62.c5 a2 63.Kg2 Rc1 64.Rxa2 Rxc5
65.Ra3 Rc4 66.Kf3 Ke7 67.Ke3 Rd4 68.Kf3 Rc4 69.Re3 Rd4 70.Kg4 Kf7 71.Kh5 Rd1
72.Ra3 Rh1+ 73.Kg4 Rg1+ 74.Kf3 Rd1 75.Ra7+ Kf8 76.Kg4 Rd4 77.Kh5 Rxe4 78.Kg6 Rb4
79.Kxf6 Rb6+ 80.Kg5 e4 81.f6 Rb1 82.Kg6 Rg1+ 83.Kf5 Rb1 84.Ra6 Kf7 85.Kxe4 Re1+
86.Kf5  1/2-1/2

[Event "RUS-ch U18"]
[Site "Kolontaevo"]
[Date "1998.??.??"]
[Round "?"]
[White "Evelev, Vladimir M"]
[Black "Suleimanov, Marat"]
[Result "1/2-1/2"]
[WhiteElo "2220"]
[BlackElo "2340"]

1.e4 d6 2.d4 Nf6 3.Nc3 e5 4.Nf3 Nbd7 5.Bc4 Be7 6.O-O O-O 7.Re1 c6 8.a4 b6
9.Bf1 a6 10.b3 Bb7 11.Bb2 b5 12.axb5 axb5 13.g3 Re8 14.Bg2 Bf8 15.Rxa8 Qxa8
16.dxe5 dxe5 17.Qe2 Bc5 18.Rd1 Qa7 19.Nh4 Nf8 20.Ra1 Qb6 21.Nd1 Bc8 22.h3 Qb8
23.Nf3 Ng6 24.Bc3 Bb7 25.Nb2 Qc7 26.Nd3 Bb6 27.Nd2 h5 28.h4 Ng4 29.Bf3 Bc8
30.Nf1 c5 31.Be1 Be6 32.Nb2 c4 33.bxc4 bxc4 34.Nd1 Ne7 35.Nfe3 Nf6 36.c3 g6
37.Nb2 Rc8 38.Ra4 Bxe3 39.Qxe3 Rb8 40.Qe2 Qc6 41.Ra2 Nc8 42.Bg2 Nd6 43.f3 Nd7
44.Bf2 Nc5 45.Ra5 Nd7 46.Bf1 Rb3 47.Qd2 Kh7 48.Be2 Nb7 49.Ra7 Qb5 50.Nd1 Nbc5
51.Be3 Nd3 52.Ra2 Rb1 53.Kg2 N7c5 54.Bxc5 Nxc5 55.Rb2 Rxb2 56.Qxb2 Qd7 57.Ne3 Na4
58.Qc2  1/2-1/2

[Event "MK Cafe Cup-B"]
[Site "Koszalin"]
[Date "1998.??.??"]
[Round "1"]
[White "Szczyrba, Daniel"]
[Black "Okhotnik, Vladimir"]
[Result "0-1"]
[WhiteElo "2130"]
[BlackElo "2405"]

1.e4 d6 2.d4 Nf6 3.Nc3 c6 4.Nf3 g6 5.Bg5 Bg7 6.Qd2 b5 7.Bd3 h6 8.Bf4 Bg4
9.Ng1 Nh5 10.Be3 e5 11.dxe5 dxe5 12.h3 Be6 13.Nf3 g5 14.g3 Nd7 15.h4 g4 16.Ng1 a6
17.Nge2 c5 18.Nc1 Nhf6 19.b3 Qc7 20.Bf1 Nb6 21.Bg2 b4 22.Nd1 Qc6 23.Qe2 O-O
24.Nd3 Nbd7 25.c3 Bf5 26.Nxc5 Nxc5 27.Bxc5 Bxe4 28.Bxe4 Nxe4 29.Bxf8 Nxg3
30.Qf1 Nxf1 31.Rxf1 Qe4+ 32.Kd2 Rd8+ 33.Kc1 Rc8 34.Kb2 bxc3+  0-1

[Event "MK Cafe Cup-B"]
[Site "Koszalin"]
[Date "1998.??.??"]
[Round "6"]
[White "Flis, Jacek"]
[Black "Gawronski, Miroslaw"]
[Result "1-0"]
[WhiteElo "2310"]
[BlackElo "2155"]

1.e4 d6 2.d4 Nf6 3.Nc3 c6 4.f4 Qa5 5.Qd3 e5 6.Bd2 Qc7 7.O-O-O Nbd7 8.dxe5 dxe5
9.f5 b5 10.Qf3 h5 11.Nh3 Bb7 12.Ng5 a6 13.g3 Rd8 14.h3 Be7 15.g4 Nc5 16.a3 a5
17.b4 axb4 18.axb4 Na6 19.Nxb5 cxb5 20.Bxb5+ Kf8 21.Qb3 Bd6 22.Bxa6 Bxa6
23.b5 Qe7 24.Ba5 Ba3+ 25.Kb1 Rb8 26.Rd8+ Rxd8 27.Bxd8 Qb4 28.bxa6 Qxb3+ 29.cxb3 Bc5
30.Rc1 Be3 31.Bxf6 gxf6 32.Rc8+ Kg7 33.Rxh8 hxg4 34.Rh7+ Kg8 35.hxg4 fxg5
36.Rh3 Bg1 37.b4 Kf8 38.Rc3 Ke8 39.Rc5 f6 40.a7  1-0

[Event "MK Cafe Cup-B"]
[Site "Koszalin"]
[Date "1998.??.??"]
[Round "7"]
[White "Mista, Aleksander"]
[Black "Hasangatin, Ramil"]
[Result "0-1"]
[WhiteElo "2255"]
[BlackElo "2460"]

1.e4 d6 2.d4 Nf6 3.Nc3 e5 4.Nf3 Nbd7 5.Bc4 Be7 6.O-O O-O 7.h3 c6 8.a4 b6
9.Qe2 a6 10.d5 cxd5 11.Nxd5 Nxd5 12.Bxd5 Rb8 13.Be3 Nf6 14.Nd2 Nxd5 15.exd5 f5
16.f4 b5 17.b3 Bf6 18.Rae1 bxa4 19.bxa4 Rb4 20.fxe5 Bxe5 21.Nc4 Bc3 22.Rd1 Qe7
23.Rf3 Qc7 24.Rf4 g5 25.Rfd4 Bxd4 26.Rxd4 Qe7 27.Qf3 f4 28.Bd2 Rb1+ 29.Kh2 g4
30.hxg4 Qh4+ 31.Qh3 Qxh3+ 32.gxh3 f3 33.Bg5 f2 34.Ne3 f1=Q 35.Nxf1 Rfxf1
36.Bh6 Kf7 37.Rc4 Bd7 38.Rc7 Ke7 39.Ra7 Ra1 40.Rxa6 Rxa4 41.Rb6 Ra2 42.Rb8 Rxc2+
43.Kg3 Rc8 44.Rb7 Rc5 45.Rb8 Bc8  0-1

[Event "MK Cafe Cup-B"]
[Site "Koszalin"]
[Date "1998.??.??"]
[Round "10"]
[White "Zawadzki, Stanislaw"]
[Black "Gawronski, Miroslaw"]
[Result "0-1"]
[WhiteElo "2245"]
[BlackElo "2155"]

1.e4 d6 2.d4 Nf6 3.Nc3 c6 4.g3 Qc7 5.Bg2 e5 6.Nge2 b5 7.a3 a6 8.f4 Nbd7 9.O-O Bb7
10.Kh1 Be7 11.Be3 O-O 12.h3 Rfe8 13.Bg1 Bf8 14.Re1 g6 15.Qd3 Rad8 16.Rad1 Qb8
17.b3 Qa8 18.d5 Nc5 19.Qd2 cxd5 20.exd5 Bh6 21.Be3 Bg7 22.fxe5 Rxe5 23.Bd4 Re7
24.Nf4 Rde8 25.Rxe7 Rxe7 26.Kh2 Qe8 27.Bxc5 dxc5 28.d6 Rd7 29.Ncd5 Ne4 30.Qe3 f5
31.Ne7+ Rxe7 32.dxe7 Qxe7 33.Qd3 Bd4 34.Rf1 Kg7 35.b4 Kh6 36.bxc5 Bxc5 37.c4 Bc6
38.Bxe4 fxe4 39.Qc3 bxc4 40.Rc1 Bxa3 41.Ra1 Bb4 42.Qxc4 Bb7 43.Rxa6 Bxa6
44.Qxa6 Bd6 45.Ne2 Qf6 46.Kg2 Qf3+ 47.Kh2 Bxg3+ 48.Nxg3 Qf2+ 49.Kh1 Qxg3
50.Qc8 e3 51.Qf8+ Kh5 52.Qc5+ g5 53.Qf5 h6 54.Qf7+ Kh4 55.Qf2 h5 56.Qf6 Qe1+
57.Kg2 Qf2+ 58.Qxf2+ exf2 59.Kh2 f1=R  0-1

[Event "Krasnodar"]
[Site "Krasnodar"]
[Date "1998.??.??"]
[Round "8"]
[White "Beshukov, Sergei"]
[Black "Kuzmin, Gennadi P"]
[Result "1/2-1/2"]
[WhiteElo "2405"]
[BlackElo "2580"]

1.e4 d6 2.d4 Nf6 3.Nc3 e5 4.f3 exd4 5.Qxd4 Nc6 6.Qf2 d5 7.Bg5 Bb4 8.exd5 Qxd5
9.Bd2 Qe5+ 10.Qe2 Be6 11.a3 Ba5 12.O-O-O O-O-O 13.Qxe5 Nxe5 14.Re1 Bc4 15.Nge2 Rd7
16.Nf4 Rhd8 17.Rxe5 Bxc3 18.bxc3 Bxf1 19.Rxf1 Rxd2 20.Re7 R2d7 21.Rxd7 Rxd7
22.Re1 Kd8 23.Nd3 Re7 24.Rxe7 Kxe7 25.Nc5 b6 26.Nd3 Kd6 27.c4 Nd7 28.Kd2 Nf8
29.Kc3 Ng6 30.g3 Nf8 31.Kb4 Ne6 32.f4 Nd4 33.Kc3 Nf3 34.h4 c5 35.Nf2 f5 36.Kd3 Nd4
37.c3 Ne6 38.Nd1 g6 39.Ke3 Ng7 40.Kf3 Nh5 41.g4 Nf6 42.Nf2 Ke6 43.g5 Ne8
44.Ke3 Nd6 45.Kd3 a6 46.a4 b5 47.cxb5 axb5 48.axb5 Kd5 49.b6 Kc6 50.Nd1 Kxb6
51.Ne3  1/2-1/2

[Event "RUS-Cup"]
[Site "Krasnoiarsk"]
[Date "1998.??.??"]
[Round "7"]
[White "Galkin, Alexander"]
[Black "Landa, Konstantin"]
[Result "0-1"]
[WhiteElo "2565"]
[BlackElo "2505"]

1.e4 d6 2.d4 Nf6 3.Nc3 e5 4.Nf3 Nbd7 5.Bc4 Be7 6.O-O O-O 7.a4 a5 8.Re1 b6
9.b3 Bb7 10.Bb2 h6 11.Qe2 Re8 12.dxe5 dxe5 13.Red1 Bc5 14.Rd3 Qe7 15.Nh4 Kh7
16.Nf5 Qf8 17.Rad1 Rad8 18.Bc1 Bb4 19.Nd5 Bxd5 20.exd5 Ng8 21.Rg3 g6 22.Nxh6 Nxh6
23.Rh3 Nf6 24.Bxh6 Qxh6 25.Rxh6+ Kxh6 26.d6 cxd6 27.Bxf7 Rf8 28.Be6 Bc5 29.Rd2 e4
30.Bd5 e3 31.fxe3 Rde8 32.Rd1 Rxe3 33.Qd2 Kg7  0-1

[Event "RUS-Cup"]
[Site "Krasnoiarsk"]
[Date "1998.??.??"]
[Round "9"]
[White "Smirnov, Pavel"]
[Black "Ivanov, Timur"]
[Result "1/2-1/2"]
[WhiteElo "2365"]
[BlackElo "2380"]

1.e4 d6 2.d4 Nf6 3.Nc3 e5 4.Nf3 Nbd7 5.Bc4 Be7 6.O-O O-O 7.a4 c6 8.Re1 b6
9.Bg5 Qc7 10.h3 Bb7 11.Qe2 a6 12.dxe5 dxe5 13.Nh4 b5 14.Nf5 Bd8 15.Ba2 Nc5
16.Rad1 Ne6 17.Be3 g6 18.Nh6+ Kg7 19.Bxe6 fxe6 20.Ng4 Nxg4 21.Qxg4 Bc8 22.Qg3 Be7
23.Bd4 Bd6 24.Bb6 Qxb6 25.Rxd6 Qc5 26.Rd2 Ra7 27.b4 Qxb4 28.Qxe5+ Kg8 29.Rb1 Qe7
30.Rd6 Rc7 31.f4 Rd8 32.Rxd8+ Qxd8 33.Rd1 Qe7 34.Rd6 b4 35.Na2 c5 36.f5 gxf5
37.exf5 exf5 38.Qxe7 Rxe7 39.Rd8+ Kg7 40.Rxc8 Re1+ 41.Kh2 Ra1 42.Nc3  1/2-1/2

[Event "Lahti We LahS"]
[Site "Lahti"]
[Date "1998.??.??"]
[Round "3"]
[White "Vetemaa, Juri"]
[Black "Kilpela, Panu"]
[Result "1-0"]
[WhiteElo "2325"]
[BlackElo "2210"]

1.e4 d6 2.d4 Nf6 3.Nc3 e5 4.dxe5 dxe5 5.Qxd8+ Kxd8 6.Bc4 Be6 7.Bxe6 fxe6
8.f3 Nbd7 9.Be3 Bc5 10.Bxc5 Nxc5 11.Rd1+ Ke7 12.Nh3 Rhf8 13.Ke2 a5 14.Rd2 Ne8
15.Nf2 Nd6 16.Nd3 Nxd3 17.Rxd3 Rf6 18.a4 c6 19.Rhd1 Rd8 20.Nb1 Rh6 21.h3 Rg6
22.Kf2 Rf6 23.Kg1 Rff8 24.Na3 b5 25.b3 h6 26.Kf1 h5 27.Ke2 g6 28.Nb1 Rd7
29.Rc3 Rc7 30.Rc5 Rb8 31.Nc3 bxa4 32.bxa4 Rb2 33.Kd2 Rb4 34.Rb1 Nc4+ 35.Kc1 Kd6
36.Rxb4 Kxc5 37.Rb8 Ne3 38.Rg8 Nxg2 39.Rxg6 Nf4 40.Rg5 Kd6 41.h4 Rh7 42.Nb1 Rb7
43.c3 Nd3+ 44.Kc2 Ne1+ 45.Kc1 Nxf3 46.Rxh5 Rf7 47.Nd2 Nxd2 48.Kxd2 Rf2+ 49.Kd3 Ra2
50.Rh8 Rxa4 51.h5 Ra1 52.h6 Rh1 53.Kc4 Ke7 54.Kc5 Kf7 55.Kxc6 Rc1 56.Ra8 Rxc3+
57.Kd6 Rh3 58.Kxe5 Rxh6 59.Ra7+ Kf8 60.Kd6 Rh4 61.e5 a4 62.Kxe6 Rh6+ 63.Kf5 Rb6
64.Rxa4 Rb7 65.Ke6 Rb6+ 66.Kf5 Ke7 67.Rh4 Ra6 68.Rh7+ Ke8 69.Rg7 Rb6 70.Ra7 Rc6
71.Ke4 Rb6  1-0

[Event "SCO-ch"]
[Site "Largs"]
[Date "1998.??.??"]
[Round "6"]
[White "Robertson, Ian C"]
[Black "Stevenson, James"]
[Result "1/2-1/2"]
[WhiteElo "2215"]
[BlackElo "2135"]

1.e4 d6 2.d4 Nf6 3.Nc3 e5 4.Nf3 Nbd7 5.Bc4 Be7 6.dxe5 Nxe5 7.Be2 O-O 8.O-O c6
9.a4 b6 10.Nd4 Qc7 11.f4 Ng6 12.Qd3 Re8 13.Qg3 Bf8 14.Bf3 Bd7 15.Bd2 a6 16.Kh1 Ra7
17.Qf2 c5 18.Nb3 Bc6  1/2-1/2

[Event "PER-ch sf"]
[Site "Lima"]
[Date "1998.??.??"]
[Round "8"]
[White "Ascoy, Adolfo"]
[Black "Belli, Mario"]
[Result "1/2-1/2"]
[WhiteElo "2230"]
[BlackElo "2390"]

1.e4 d6 2.d4 Nf6 3.Nc3 c6 4.f4 Qa5 5.Bd3 e5 6.dxe5 dxe5 7.f5 Nbd7 8.Qe2 Nc5
9.Bd2 Qc7 10.g4 h6 11.h3 Be7 12.Nf3 b5 13.Nd1 a5 14.Nf2 Bb7 15.Rg1 Na4 16.b3 Nc5
17.h4 Nfd7 18.g5 hxg5 19.hxg5 Bd6 20.Ng4 Ba6 21.f6 g6 22.Be3 Bc8 23.Nh6 Ne6
24.a4 Bb4+ 25.Kf1 bxa4 26.bxa4 Ndc5 27.Rh1 Nxd3 28.cxd3 Ba6 29.Kf2 O-O-O
30.Rhd1 Nd4 31.Qa2 Nxf3 32.Kxf3 Rhf8 33.Qc2 c5 34.Rac1 Rd6 35.Qb3 Rc6 36.Qd5 Bb7
37.Qc4 Kb8 38.Rc2 Qd7 39.Kg3 Rd6 40.Qb3 Bc6 41.Bxc5 Bxa4 42.Bxd6+ Ka7 43.Qa2 Bxd6
44.Ra1 Bxc2 45.Qxa5+ Kb7 46.Qd5+ Kb6 47.Qa5+ Kb7 48.Qa6+ Kc7 49.Qc4+ Kb7
50.Qxc2 Bc7 51.Qc4 Qd6 52.Qb5+ Bb6 53.Qa6+ Kc7 54.Rc1+ Kb8 55.Rb1 Kc7 56.Qc4+ Qc5
57.Qxc5+ Bxc5 58.Kf3 Bd4 59.Rh1 Kd6 60.Rb1 Kc6 61.Rb4 Kc7 62.Rb5 Kc6 63.Ra5 Kb6
64.Ra4 Kc6 65.Ra6+ Kb7 66.Rd6 Kc7 67.Rd5 Kc6 68.Ke2 Kc7 69.Kd2 Kc6 70.Kc2 Kc7
71.Kb3 Kc6 72.Kc4 Kc7 73.Ng4 Re8 74.Nh6 Rf8 75.Ng4 Re8 76.Nh2 Be3 77.Nf3 Bf4
78.Rc5+ Kd6 79.Rd5+ Kc7 80.d4 exd4 81.Kxd4 Ra8 82.e5 Rd8 83.Rxd8 Kxd8 84.Kd5 Kd7
85.Nd4 Bxg5 86.e6+ fxe6+ 87.Nxe6  1/2-1/2

[Event "POR-ch"]
[Site "Lisbon"]
[Date "1998.??.??"]
[Round "1"]
[White "Costa, Fernando JM"]
[Black "Fernando, Diogo"]
[Result "0-1"]
[WhiteElo "2115"]
[BlackElo "2185"]

1.e4 d6 2.d4 Nf6 3.Nc3 c6 4.Nf3 Bg4 5.Bd3 e6 6.O-O Be7 7.h3 Bh5 8.e5 dxe5
9.dxe5 Nd5 10.Ne4 Nb4 11.Bg5 Bxg5 12.g4 Be7 13.gxh5 Nxd3 14.cxd3 Nd7 15.Qc2 Qa5
16.d4 Qd5 17.Kg2 g6 18.h6 g5 19.a3 g4 20.hxg4 Rg8 21.Kg3 f5 22.exf6 Bxf6
23.Rad1 O-O-O 24.Nh2 Qh5 25.Nxf6 Nxf6 26.Qe2 Qxh6 27.Qxe6+ Kb8 28.Qe5+ Ka8
29.f3 Nh5+  0-1

[Event "Ljubljana op"]
[Site "Ljubljana"]
[Date "1998.??.??"]
[Round "2"]
[White "Podlesnik, Bogdan"]
[Black "Ciglic, Boris"]
[Result "1-0"]
[WhiteElo "2415"]
[BlackElo "2175"]

1.e4 d6 2.d4 Nf6 3.Nc3 c6 4.f4 g6 5.Nf3 Bg7 6.Be2 O-O 7.O-O Nbd7 8.e5 dxe5
9.fxe5 Nd5 10.Ne4 c5 11.Nxc5 Nxc5 12.dxc5 Bg4 13.h3 Bxf3 14.Bxf3 e6 15.c4 Nb4
16.Bxb7 Nd3 17.Be3 Rb8 18.c6 Bxe5 19.Qe2 Nxb2 20.Bxa7 Bd4+ 21.Bxd4 Qxd4+
22.Kh1 Nxc4 23.Rfd1 Qf4 24.Rab1 Ne3 25.Re1 Nf5 26.Qe5 Qf2 27.Rb2 Qa7 28.Reb1 Ne7
29.c7 Rbe8 30.Qb5 Nc8 31.Qb4 e5 32.Rc2 Re6 33.Qxf8+ Kxf8 34.Bxc8 Rb6 35.Rd1 Qa4
36.Bf5 Qxc2 37.Bxc2 Rc6 38.Rd8+  1-0

[Event "Ljubljana op"]
[Site "Ljubljana"]
[Date "1998.??.??"]
[Round "3"]
[White "Bratanov, Zsivko"]
[Black "Barle, Janez"]
[Result "1-0"]
[WhiteElo "2300"]
[BlackElo "2415"]

1.e4 d6 2.d4 Nf6 3.Nc3 e5 4.Nf3 Nbd7 5.Bc4 Be7 6.O-O O-O 7.Qe2 c6 8.Rd1 Qc7
9.a4 a5 10.Ba2 Nb8 11.h3 Na6 12.dxe5 dxe5 13.Nh4 Nb4 14.Bb3 Be6 15.Bxe6 fxe6
16.Be3 Rad8 17.Nf3 Nh5 18.Qc4 Qc8 19.Bb6 Rxd1+ 20.Rxd1 Rxf3 21.gxf3 Nf4 22.Be3 Nxh3+
23.Kg2 Ng5 24.Bxg5 Bxg5 25.Rd6 Kf7 26.Nb5 Bf6 27.c3 Na6 28.Na7 Qe8 29.Nxc6 Kf8
30.Nxa5 Qg6+ 31.Kf1 Qh6 32.Qc8+  1-0

[Event "SLO-ch"]
[Site "Maribor"]
[Date "1998.??.??"]
[Round "12"]
[White "Sermek, Drazen"]
[Black "Barle, Janez"]
[Result "1/2-1/2"]
[WhiteElo "2510"]
[BlackElo "2415"]

1.e4 d6 2.d4 Nf6 3.Nc3 e5 4.Nf3 Nbd7 5.Bc4 Be7 6.O-O O-O 7.a4 c6 8.Re1 Qc7
9.h3 a5 10.Ba2 Nb8 11.Bg5 h6 12.Be3 Na6 13.Bb3 Be6 14.Bxe6 fxe6 15.dxe5 dxe5
16.Qe2 Nd7 17.Rad1 Ndc5 18.Rd2 Rad8 19.Red1 Rxd2 20.Rxd2 Rd8 21.Rxd8+ Bxd8
22.Qc4 Be7 23.Nb1 Qb8 24.Nbd2 Bd6 25.Nb3 b5 26.axb5 cxb5 27.Qc3 Nxb3 28.Qxb3 Kf7
29.c4 b4 30.Qa4 Qc7 31.Qb5 Nc5 32.Nd2 Kf6 33.Kf1 Nd7 34.Ke2 Bc5 35.Nb3 Bxe3
36.fxe3 a4 37.Nd2 a3 38.Qxb4 axb2 39.Qxb2 Nc5 40.Qc2 Qc6 41.Kf3 Qe8 42.g4 h5
43.Qb2 hxg4+ 44.hxg4 Qh8 45.g5+ Kg6 46.Qxe5 Qh1+ 47.Kg3  1/2-1/2